[Event "Zagreb op"]
[Site "Zagreb"]
[Date "1997.??.??"]
[Round "5"]
[White "Juric, Slaven"]
[Black "Gazarek, Danko"]
[Result "1/2-1/2"]
[WhiteElo "2220"]
[BlackElo "2330"]

1.g3 e5 2.c4 Nc6 3.Bg2 g6 4.e4 Bg7 5.Ne2 Nd4 6.Nbc3 c6 7.d3 Ne7 8.O-O d6
9.Nxd4 exd4 10.Ne2 O-O 11.Rb1 a5 12.b3 Be6 13.Nf4 Bd7 14.Re1 Re8 15.Ba3 Qc7
16.c5 dxc5 17.Bxc5 b6 18.Ba3 c5 19.Bc1 a4 20.b4 c4 21.dxc4 Qxc4 22.Bf1 Qxa2
23.Bd3 f6 24.b5 g5 25.Rb4 Qa1 26.Ne2 Bg4 27.Kg2 Bxe2 28.Qxe2 Qc3 29.Rc4 Qa5
30.Rxd4 Ng6 31.Qa2+ Kh8 32.Bd2 Qa7 33.Bc4 f5 34.e5 Nxe5 35.Bd5  1/2-1/2

[Event "Excelsior Cup"]
[Site "Gothenburg"]
[Date "1998.01.11"]
[Round "5"]
[White "Gavrikov, Viktor"]
[Black "Hartman, Christer"]
[Result "1-0"]
[WhiteElo "2555"]
[BlackElo "2345"]

1.c4 e5 2.g3 Nf6 3.Bg2 Nc6 4.Nf3 g6 5.Nc3 Bg7 6.d4 exd4 7.Nxd4 O-O 8.Nc2 d6
9.O-O Re8 10.Bg5 h6 11.Bd2 Bd7 12.b3 a6 13.Ne3 Rb8 14.Rc1 Nd4 15.Ned5 Nxd5
16.cxd5 Nb5 17.e3 Bf5 18.Re1 h5 19.a4 Nxc3 20.Bxc3 b5 21.Bxg7 Kxg7 22.Qd4+ f6
23.Qa7 Re7 24.Qxa6 Rb6 25.Qa5 bxa4 26.bxa4 Qb8 27.Qd2 Rb4 28.a5 Qb5 29.a6 Ra4
30.Bf1 Qb3 31.Ra1 Be4 32.a7 Re8 33.Rxa4 Qxa4 34.Qd4 Qa5 35.Rd1 Bf3 36.Rb1 Ra8
37.Rb7 Qxd5 38.Rxc7+ Kh6 39.Qxf6 Be4 40.Qf4+  1-0

[Event "Ubeda op"]
[Site "Ubeda"]
[Date "1998.01.28"]
[Round "9"]
[White "Paschall, William M"]
[Black "Gurevich, Vladimir"]
[Result "1/2-1/2"]
[WhiteElo "2375"]
[BlackElo "2435"]

1.c4 e5 2.g3 Nf6 3.Bg2 d5 4.cxd5 Nxd5 5.Nc3 Nb6 6.Nf3 Nc6 7.O-O Be7 8.d3 O-O
9.Be3 Be6 10.a3 f5 11.Na4 f4 12.Bc5 Bd6 13.Nxb6 axb6 14.Bxd6 cxd6 15.d4 Bd5
16.dxe5 dxe5 17.Nd2 Nd4 18.Bxd5+ Qxd5 19.Nf3 Rad8 20.Nxd4 exd4 21.Rc1 Rfe8
22.Qd3 Re6 23.Rc2 Rf8 24.Rd1 fxg3 25.hxg3 Rd8 26.Qc4 Qxc4 27.Rxc4 Rxe2 28.Rcxd4 Rxd4
29.Rxd4 Rxb2 30.Rd7 h5 31.Rxb7 Kh7 32.a4 Rb4  1/2-1/2

[Event "CZE-chT 9798"]
[Site "CZE"]
[Date "1998.02.07"]
[Round "6"]
[White "Pribyl, Josef"]
[Black "Voloshin, Leonid"]
[Result "1/2-1/2"]
[WhiteElo "2425"]
[BlackElo "2420"]

1.c4 e5 2.g3 Nc6 3.Bg2 g6 4.Nc3 Bg7 5.e3 f5 6.Nge2 Nf6 7.d4 d6 8.d5 Ne7 9.e4 fxe4
10.Nxe4 Nxe4 11.Bxe4 Bh3 12.Bg5 O-O 13.Qd3 Rf7 14.Rg1 Bf5 15.f3 Qf8 16.O-O-O Bh6
17.h4 Bxg5+ 18.hxg5 Bxe4 19.fxe4 Rf3 20.Qd2 Nc8 21.Rg2 Nb6 22.Ng1 Rf1 23.Qe2 Rxd1+
24.Kxd1 Qe7 25.Nh3 Rf8 26.b3 a5 27.Kc2 Nd7 28.Rf2 Rxf2 29.Qxf2 Nc5  1/2-1/2

[Event "AUT-chT2S 9798"]
[Site "Austria"]
[Date "1998.02.08"]
[Round "8"]
[White "Schroecker, Hans Peter"]
[Black "Waldmann, Gerald"]
[Result "1-0"]
[WhiteElo "2205"]
[BlackElo "2175"]

1.c4 e5 2.g3 Nc6 3.Bg2 g6 4.Nc3 Bg7 5.Rb1 a5 6.e3 f5 7.d3 Nf6 8.Nge2 O-O
9.O-O d6 10.b3 Ne7 11.Qd2 Rb8 12.Bb2 Bd7 13.f4 Bc6 14.e4 Bd7 15.Nd5 Nc6 16.Rbe1 b6
17.exf5 gxf5 18.Nxf6+ Qxf6 19.fxe5 dxe5 20.Nf4 Qd6 21.Bd5+ Kh8 22.Nh5 Rbe8
23.Nxg7 Kxg7 24.Bxc6 Bxc6 25.Qg5+ Qg6 26.Bxe5+ Kg8 27.Qf4 Rd8 28.d4 Be4 29.Rd1 c5
30.d5 Rf7 31.Rde1 Rdd7 32.Bc3 Rfe7 33.Re3 h5 34.Qf2 Kh7 35.Qe2 Qg4 36.Qd2 Qg8
37.Rf4 Qg6 38.Qe2 Qf7 39.Rh4 Kg6 40.Qxh5+  1-0

[Event "AUT-chT3 9798"]
[Site "Vorarlberg "]
[Date "1998.02.27"]
[Round "9"]
[White "Laske, Erich"]
[Black "Mrsic, Robert"]
[Result "1/2-1/2"]
[WhiteElo "1942"]
[BlackElo "1910"]

1.c4 e5 2.g3 Nf6 3.Bg2 Be7 4.Nc3 O-O 5.Nf3 d6 6.O-O c6 7.e4 Bg4 8.h3 Bh5
9.d3 Qc7 10.Be3 h6 11.g4 Bg6 12.Rc1 Nbd7 13.Ne2 Qa5 14.a4 d5 15.Ng3 dxe4
16.dxe4 Rad8 17.Qc2 Rfe8 18.c5 Nd5 19.Bd2 Nb4 20.Qb3 Bxc5 21.Rc4 Qb6 22.Bxb4 a5
23.Nh4 Bh7 24.Ngf5 Bxb4 25.Qg3 Bd2 26.Rc2 Nc5 27.Rd1 Rd3 28.Bf3 Bf4 29.Qg2 Rxd1+
30.Bxd1 Qb4 31.Re2 Nxa4 32.Qf3 Nxb2 33.Bb3 Nc4 34.Qd3 b5 35.Qd7 Rf8 36.Ba2 Bg5
37.Nf3 Bxf5 38.exf5 Bf6 39.Qxc6 a4 40.h4 Na5 41.Qe4 Qxe4 42.Rxe4 Nc6 43.g5 hxg5
44.hxg5 Be7 45.Bd5 Nb4 46.f6 Bd6 47.Rxb4 Bxb4 48.Nxe5 Bc3 49.Nxf7 gxf6 50.Nd6+ Kh8
51.Nxb5 Be5 52.g6 Rc8 53.Na3 Rc3 54.Nc4 a3 55.Ne3 Kg7 56.Bf7 Rxe3 57.fxe3 f5
58.Kf2 Kh6 59.Kf3 Kg5 60.Ke2 Kg4 61.Kd3 Kf3 62.Bd5+ Kf2 63.Kd2 Bg7 64.Kd3 Ke1
65.Kc2 Ke2 66.Kb3 Kxe3 67.Kxa3  1/2-1/2

[Event "Golden Cleopatra"]
[Site "Cairo"]
[Date "1998.03.12"]
[Round "2"]
[White "Csom, Istvan"]
[Black "Labib, Ibrahim Hasan"]
[Result "1/2-1/2"]
[WhiteElo "2460"]
[BlackElo "2305"]

1.c4 e5 2.g3 Nf6 3.Bg2 Nc6 4.Nc3 Bc5 5.e3 d6 6.Nge2 Bg4 7.h3 Bh5 8.a3 a5
9.d3 O-O 10.O-O Rb8 11.b3 Ba7 12.b4 Ne7 13.Bb2 c6 14.Qd2 Re8 15.Rfc1 d5 16.cxd5 Nexd5
17.Nxd5 Nxd5 18.bxa5 Bxe2 19.Qxe2 Qxa5 20.Rc2 Rbd8 21.Rac1 Nf6 22.Rc4 Re7
23.Qc2 Qc7 24.Ra4 Bb8 25.Qb3 Qd7 26.Ra8 Ree8 27.a4 h5 28.a5 h4 29.g4 e4 30.Bxf6 gxf6
31.Rxb8 Rxb8 32.Bxe4 Qc7 33.Qc3 Qe5 34.Qb4 Kg7 35.Kg2 Qe7 36.Qb6 Ra8 37.Rb1 Qa3
38.Qxb7 Rab8 39.Qxb8 Rxb8 40.Rxb8 Qxa5 41.Rc8 c5 42.Rc6 Qa7 43.Rd6 Qe7 44.Rd5 c4
45.Rd4 cxd3 46.Bxd3 Qb7+ 47.Kg1 Qc6 48.Rf4 Qc1+ 49.Kg2 Qc3 50.Be4 Qe5 51.Bf3 Qe6
52.Rf5 Qe7 53.Rh5 Qd8 54.Rxh4 f5 55.Rh5 fxg4 56.hxg4 Qe7 57.Bd5 Qd7 58.Rf5 f6
59.Bf3 Qe8 60.Rd5 Qa4 61.Rd4 Qb5 62.Be4 Kf8 63.Rd8+ Ke7 64.Rh8 Qe5 65.Bf3 Kd7
66.Rh5 Qc3 67.Be4 Ke7 68.Rh7+ Kf8 69.Rd7 Qe5 70.Rd4 Ke7 71.Kf3 Qb5 72.Bd5 Qf1
73.Bc4 Qh1+ 74.Ke2 Qb1 75.Bd3 Qa1 76.Rc4 Ke8 77.Be4 Ke7 78.Rc7+ Kd8 79.Rc5 Ke7
80.Rd5 Qg1 81.Bf5 Qc1 82.Rd1 Qc4+ 83.Kf3 Qb5 84.Be4 Qe5 85.Rb1 Qc3 86.Rb5 Qc4
87.Rb7+ Kf8 88.Rd7 Qf1 89.Kg3 Qg1+ 90.Bg2 Ke8 91.Rd5 Ke7 92.Rh5 Qd1 93.Bd5 Qg1+
94.Kf3 Qe1 95.Rh7+ Kf8 96.Kg3 Qg1+ 97.Bg2 Qe1 98.Rd7 Ke8 99.Rd5 Ke7 100.Rf5 Qg1
101.Rf4 Qa1 102.Be4  1/2-1/2

[Event "DEN-chT 9798"]
[Site "Denmark"]
[Date "1998.03.14"]
[Round "6"]
[White "Buch, Carsten"]
[Black "Sorensen, Henrik"]
[Result "1/2-1/2"]
[WhiteElo "2245"]
[BlackElo "2245"]

1.c4 e5 2.g3 Nf6 3.Bg2 c6 4.Nf3 e4 5.Nd4 d5 6.cxd5 cxd5 7.O-O Qb6 8.Nb3 Bf5
9.d3 Nc6 10.dxe4 dxe4 11.Be3 Qc7 12.Nd4 Nxd4 13.Qxd4 Bd6 14.Nc3 Be5 15.Nd5 Nxd5
16.Qxd5 O-O 17.Rac1 Qd6 18.Bxe4 Bxe4 19.Qxe4 Rfe8 20.Qxb7 Rab8 21.Qf3 Rxb2
22.Rfd1 Qe6 23.Bxa7 Rxa2 24.Be3  1/2-1/2

[Event "JUG-ch53"]
[Site "Belgrade "]
[Date "1998.03.23"]
[Round "10"]
[White "Barlov, Dragan"]
[Black "Ilincic, Zlatko"]
[Result "1/2-1/2"]
[WhiteElo "2490"]
[BlackElo "2565"]

1.g3 e5 2.c4 h5 3.h4 d5 4.cxd5 Qxd5 5.Nf3 Bg4 6.Nc3 Qe6 7.d4 Bxf3 8.d5 Bxd5
9.Nxd5 Qd6 10.Qb3 Nc6 11.Be3 Nge7 12.O-O-O Nxd5 13.Rxd5 Qb4 14.Qxb4 Bxb4
15.Bg2 Bd6 16.Rb5 Nd8 17.Bxb7 Nxb7 18.Rxb7 Kd7 19.Rd1 a6 20.Kc2 Rhb8 21.Rxb8 Rxb8
22.Bc5 Ke6 23.Bxd6 cxd6 24.Rd3 d5 25.Rc3 Rb6 26.Rc7 g6 27.Ra7 f6 28.a3 d4
29.b4 Rc6+ 30.Kd2 Kd5 31.a4 f5 32.a5 e4 33.Rd7+ Kc4 34.Rb7 Kb3 35.b5 Rc2+
36.Kd1 Ra2 37.bxa6+ Kc3 38.Rc7+ Kb3 39.Rc6 Ra1+ 40.Kd2 Ra2+ 41.Kd1 Ra1+ 42.Kd2 Ra2+
43.Kd1 Ra1+ 44.Rc1 Rxa5 45.Rb1+ Kc4 46.Rb6 Ra1+ 47.Kc2 Ra2+ 48.Kb1 Ra5 49.Rxg6 Kc3
50.Rc6+ Kd2 51.Rc2+ Ke1 52.Ra2 Rxa2 53.Kxa2 d3  1/2-1/2

[Event "JUG-ch53"]
[Site "Belgrade "]
[Date "1998.03.27"]
[Round "13"]
[White "Damljanovic, Branko"]
[Black "Drasko, Milan"]
[Result "1/2-1/2"]
[WhiteElo "2540"]
[BlackElo "2515"]

1.c4 e5 2.g3 Nc6 3.Bg2 g6 4.Nc3 Bg7 5.e3 d6 6.d3 f5 7.Nge2 Nf6 8.Rb1 a5 9.b3 O-O
10.O-O Be6 11.d4 Bf7 12.dxe5 dxe5 13.Ba3 Re8 14.Bxc6 bxc6 15.Qxd8 Raxd8 16.Rbd1 g5
17.h3 g4 18.h4 Nh5 19.Rxd8 Rxd8 20.Rd1 Rxd1+ 21.Nxd1 a4 22.Kf1 axb3 23.axb3 Bg6
24.Be7 f4 25.exf4 exf4 26.Nxf4 Nxf4 27.gxf4 Bd4 28.Ne3 g3 29.f5 Bh5 30.Bd8 gxf2
31.Kxf2 Bd1 32.b4 Bc2 33.Kf3 Bxe3 34.Kxe3 Bxf5 35.Bxc7 Kf7 36.Kd4 Ke6 37.Kc5 Kd7
38.Bf4 Be4 39.Kb6 Bd3 40.Kc5 h5 41.b5 cxb5 42.cxb5 Kc8  1/2-1/2

[Event "CZE-chT 9798"]
[Site "CZE"]
[Date "1998.04.04"]
[Round "10"]
[White "Cesal, Jaroslav"]
[Black "Pribyl, Martin"]
[Result "0-1"]
[WhiteElo "2320"]
[BlackElo "2350"]

1.c4 e5 2.g3 Nc6 3.Bg2 g6 4.Nc3 Bg7 5.d3 Nf6 6.Rb1 a5 7.a3 O-O 8.b4 axb4
9.axb4 d6 10.Bg5 h6 11.Bd2 Re8 12.e3 Bf5 13.b5 Ne7 14.e4 Be6 15.Nd5 Nexd5
16.cxd5 Bc8 17.Qc1 Kh7 18.Ne2 Nd7 19.Be3 b6 20.O-O Nc5 21.Qc2 f5 22.Rfc1 Bd7
23.Qc4 Ra4 24.Qc2 Ra5 25.Nc3 Qf6 26.f3 Rea8 27.Rd1 Ra3 28.Qb2 g5 29.Bxc5 dxc5
30.Ra1 Rxa1 31.Rxa1 Qd8 32.Ra6 Qe8 33.Qa2 Rc8 34.Qc4 Bf8 35.Bh3 g4 36.Bg2 f4
37.Ra7 h5 38.d6 Bxd6 39.Nd5 Kg6 40.gxf4 exf4 41.fxg4 hxg4 42.e5 Qxe5 43.Be4+ Bf5
44.Ra4 Bxe4 45.dxe4 f3 46.Ra2 Re8 47.Rd2 Qxe4  0-1

[Event "Mar del Plata op"]
[Site "Mar del Plata"]
[Date "1998.04.08"]
[Round "5"]
[White "Giardelli, Sergio C"]
[Black "Rosito, Jorge"]
[Result "1-0"]
[WhiteElo "2440"]
[BlackElo "2360"]

1.c4 e5 2.g3 Nc6 3.Bg2 g6 4.Nc3 Bg7 5.Rb1 d6 6.b4 a6 7.d3 Nf6 8.Nf3 O-O 9.O-O h6
10.a4 Be6 11.b5 axb5 12.axb5 Ne7 13.Qb3 Qd7 14.Ba3 Bh3 15.c5 Bxg2 16.Kxg2 Rfd8
17.b6 cxb6 18.cxd6 Nc6 19.e4 Bf8 20.Nb5 Ra5 21.d4 exd4 22.e5 Ne4 23.Rfe1 Qf5
24.Rxe4 Qxe4 25.Re1 Qf5 26.Nbxd4 Nxd4 27.Nxd4 Qg4 28.Bb2 Bg7 29.Qxb6 Raa8
30.e6 fxe6 31.Nxe6 Re8 32.Bxg7 Rxe6 33.Qb3 Kxg7 34.Rxe6 Rf8 35.Re7+  1-0

[Event "Metz op"]
[Site "Metz"]
[Date "1998.04.09"]
[Round "5"]
[White "Markowski, Tomasz"]
[Black "Korneev, Oleg"]
[Result "1/2-1/2"]
[WhiteElo "2505"]
[BlackElo "2560"]

1.g3 e5 2.c4 Nf6 3.Bg2 d5 4.cxd5 Nxd5 5.Nf3 Nc6 6.O-O Be7 7.Nc3 Nb6 8.a4 a5
9.d3 O-O 10.Be3 Be6 11.Nd2 Nd5 12.Nxd5 Bxd5 13.Bxd5 Qxd5 14.Qb3 Qxb3 15.Nxb3 Nb4
16.Rac1 Rfc8 17.Rc4 b6 18.d4 exd4 19.Nxd4 Bf6 20.Nf5 g6 21.Nh6+ Kg7 22.Rd1 Rd8
23.Rxd8 Bxd8 24.Ng4 h5 25.Ne5 Bf6 26.Nd7 Bxb2 27.Rxc7 Nd5 28.Rc2 Nxe3 29.fxe3 Ba3
30.Nxb6 Re8 31.Kf2 Re6 32.Nc4  1/2-1/2

[Event "Metz op"]
[Site "Metz"]
[Date "1998.04.11"]
[Round "7"]
[White "Bauer, Christian"]
[Black "David, Alberto"]
[Result "1/2-1/2"]
[WhiteElo "2520"]
[BlackElo "2525"]

1.g3 e5 2.c4 Nc6 3.Bg2 g6 4.Nc3 Bg7 5.d3 d6 6.Rb1 a5 7.a3 Nf6 8.Bg5 h6 9.Bxf6 Bxf6
10.b4 axb4 11.axb4 O-O 12.Nf3 Ne7 13.O-O c6  1/2-1/2

[Event "Neckar op 2nd"]
[Site "Deizisau"]
[Date "1998.04.12"]
[Round "8"]
[White "Reschke, Thomas"]
[Black "Leito, Priit"]
[Result "0-1"]
[WhiteElo "2220"]
[BlackElo "2355"]

1.c4 e5 2.g3 Nf6 3.Bg2 c6 4.d4 exd4 5.Qxd4 d5 6.Nc3 Be6 7.cxd5 cxd5 8.Nf3 Nc6
9.Qa4 Bc5 10.Bg5 h6 11.Bxf6 Qxf6 12.O-O O-O 13.Rfd1 Rad8 14.e3 Bb6 15.Rac1 Rd7
16.b3 d4 17.Ne4 Qf5 18.Nxd4 Nxd4 19.exd4 Rfd8 20.Rd3 Rxd4 21.Rxd4 Rxd4 22.Qe8+ Kh7
23.Re1 Ba5 24.Nd6 Qf6 25.Ne4 Qg6 26.Rc1 Rxe4 27.Bxe4 Qxe4 28.h4 Qf3  0-1

[Event "SJRP-ch U17"]
[Site "Sargenroth"]
[Date "1998.04.??"]
[Round "1"]
[White "Schenderowitsch, Michael"]
[Black "Medwed, Eugen"]
[Result "1-0"]
[WhiteElo "1985"]
[BlackElo "1895"]

1.g3 e5 2.c4 Nc6 3.Nc3 d6 4.Nf3 g6 5.Bg2 Bg7 6.d3 Nge7 7.O-O O-O 8.Rb1 Be6
9.Ng5 Bg4 10.h3 Bd7 11.Nd5 h6 12.Ne4 Nxd5 13.cxd5 Ne7 14.Qb3 Qc8 15.Kh2 g5
16.Nc3 Ng6 17.e3 h5 18.Ne4 g4 19.h4 f5 20.Ng5 Bh6 21.Ne6 Bxe6 22.dxe6 c6
23.Bd2 f4 24.Be4 Ne7 25.d4 d5 26.Bc2 Qxe6 27.dxe5 fxe3 28.fxe3 b6 29.Qd3 Rf7
30.Rxf7 Qxf7 31.Rf1 Qg7 32.Bc3 d4 33.Bxd4 c5 34.Bc3 Nc6 35.Qd5+  1-0

[Event "Zepter op"]
[Site "Minsk"]
[Date "1998.05.01"]
[Round "7"]
[White "Kharlov, Andrei"]
[Black "Aronian, Levon"]
[Result "0-1"]
[WhiteElo "2560"]
[BlackElo "2455"]

1.c4 e5 2.g3 Nf6 3.Bg2 d5 4.cxd5 Nxd5 5.Nf3 Nc6 6.O-O Nb6 7.d3 Be7 8.a3 O-O
9.Nbd2 Re8 10.b4 a5 11.Bb2 axb4 12.axb4 Rxa1 13.Qxa1 Bxb4 14.Ne4 Qe7 15.Rd1 Bf5
16.Nh4 Bg4 17.f3 Bh5 18.Nf5 Qf8 19.Rc1 Bg6 20.Bh3 Ra8 21.Qb1 Ra5 22.Nh4 f5
23.Nf2 Bd2 24.Rd1 Bg5 25.Ng2 Qb4 26.e4 Bf7 27.f4 exf4 28.gxf4 Be7 29.Qc1 Ra2
30.Bc3 Qb3 31.Be1 Ba3 32.Qc3 Qxc3 33.Bxc3 Na4 34.Be5 Nxe5 35.fxe5 Bc5 36.d4 Nc3
37.dxc5 Nxd1 38.Nxd1 Ra1 39.Ne3 f4 40.Kf2 Ra2+ 41.Kf3 fxe3 42.Nxe3 Rb2 43.Bc8 Bh5+
44.Kg3 Re2 45.Nd5 Rxe4 46.Bxb7 Rxe5 47.Kf4 Rxd5 48.Bxd5+ Kf8 49.Ke5 Ke7 50.Be4 Bg6
51.Bd5 Bc2 52.Bf3 g5 53.Be2 Bg6 54.Bf3 h5 55.Bb7 Bd3  0-1

[Event "Keres mem op"]
[Site "Tallin"]
[Date "1998.06.15"]
[Round "2"]
[White "Kveinys, Aloyzas"]
[Black "Peleshev, Leonid"]
[Result "1-0"]
[WhiteElo "2535"]
[BlackElo "2320"]

1.c4 e5 2.g3 Nf6 3.Bg2 c6 4.d4 exd4 5.Qxd4 d5 6.cxd5 cxd5 7.Nf3 Nc6 8.Qa4 Be7
9.O-O O-O 10.Be3 Ng4 11.Bf4 Bf6 12.Nc3 g5 13.Bd2 Be6 14.Rad1 h6 15.h3 Nge5
16.Nxe5 Bxe5 17.Nxd5 Bxd5 18.Bc3 Qf6 19.Bxe5 Qxe5 20.Bxd5 Qxe2 21.Bxc6 bxc6
22.Qxc6 Qxb2 23.Qxh6 Qg7 24.Qa6 f6 25.Rd6 Rf7 26.Rc1 Qf8 27.Rcc6 Kg7 28.Qa5 Rc8
29.Rxf6 Rxc6 30.Qxg5+ Kh7 31.Rxc6 Rxf2 32.Qh5+ Kg7 33.Rg6+ Kf7 34.Kxf2 Ke8+  1-0

[Event "White Nights op"]
[Site "St Petersburg"]
[Date "1998.06.25"]
[Round "6"]
[White "Rubzova, Tatiana"]
[Black "Chepukaitis, Genrikh"]
[Result "0-1"]
[WhiteElo "2265"]
[BlackElo "2420"]

1.c4 e5 2.g3 h5 3.Bg2 h4 4.Nc3 d6 5.e3 Nf6 6.Nge2 Nbd7 7.d4 c6 8.b3 a5 9.Bb2 Be7
10.Qc2 Qc7 11.Rd1 Nf8 12.c5 dxc5 13.dxe5 Ng4 14.Na4 Ne6 15.Nf4 Nxe5 16.Nxe6 Bxe6
17.Nxc5 Bc8 18.Qe4 Rh5 19.Nd3 Nxd3+ 20.Qxd3 Bg4 21.Rc1 h3 22.Bf1 Bf3 23.Rg1 Rd8
24.Qc2 Bb4+ 25.Bc3 Rc5 26.Bc4 Qe5 27.Bxb4 axb4 28.Qb1 Qd6  0-1

[Event "World op"]
[Site "Philadelphia"]
[Date "1998.06.29"]
[Round "3"]
[White "Delaune, Richard K"]
[Black "Kreiman, Boris"]
[Result "1/2-1/2"]
[WhiteElo "2365"]
[BlackElo "2445"]

1.c4 e5 2.g3 Nc6 3.Bg2 g6 4.Nc3 Bg7 5.d3 d6 6.Rb1 a5 7.a3 f5 8.e3 Nf6 9.Nge2 O-O
10.O-O Ne7 11.f4 c6 12.b4 axb4 13.axb4 exf4 14.gxf4 Be6  1/2-1/2

[Event "MK Cafe Cup-A"]
[Site "Koszalin"]
[Date "1998.08.04"]
[Round "2"]
[White "Buturin, Vladimir"]
[Black "Kveinys, Aloyzas"]
[Result "1/2-1/2"]
[WhiteElo "2435"]
[BlackElo "2545"]

1.g3 e5 2.c4 Nf6 3.Bg2 d5 4.cxd5 Nxd5 5.Nc3 Nb6 6.d3 Be7 7.Be3 O-O 8.a3 Re8
9.Rc1 Bf8 10.Na4 N8d7 11.Nf3 h6 12.O-O c6 13.b4 a5 14.Nxb6 Nxb6 15.Bc5 axb4
16.axb4 Bxc5 17.bxc5 Nd5 18.Nd2 Nc7 19.Nc4 Nb5 20.Nb6 Ra2 21.Rc2  1/2-1/2

[Event "MK Cafe Cup-A"]
[Site "Koszalin"]
[Date "1998.08.11"]
[Round "9"]
[White "Urban, Klaudiusz"]
[Black "Pyda, Zbigniew"]
[Result "1/2-1/2"]
[WhiteElo "2485"]
[BlackElo "2405"]

1.g3 e5 2.c4 Nc6 3.Bg2 d6 4.Nc3 Be6 5.d3 Qd7 6.b4 g6 7.Rb1 Bg7 8.Nd5 Nd8
9.Bb2 f5 10.b5 c6 11.bxc6 bxc6 12.Nc3 Ne7 13.Nf3 Nf7 14.Qa4 Rb8 15.Qa3 O-O
16.O-O Rb7 17.Nd2 Rfb8 18.Ba1 Rxb1  1/2-1/2

[Event "MK Cafe Cup-A"]
[Site "Koszalin"]
[Date "1998.08.12"]
[Round "10"]
[White "Gritsak, Orest"]
[Black "Rogozenko, Dorin"]
[Result "1-0"]
[WhiteElo "2485"]
[BlackElo "2435"]

1.c4 e5 2.g3 Nf6 3.Bg2 c6 4.d4 exd4 5.Qxd4 d5 6.Nc3 dxc4 7.Qxc4 Be6 8.Qa4 Qc8
9.Nf3 h6 10.O-O Nbd7 11.Nd4 Nc5 12.Qc2 Bh3 13.Rd1 Be7 14.e4 Bxg2 15.Kxg2 O-O
16.e5 Nd5 17.Nf5 Re8 18.Nxd5 cxd5 19.Be3 b6 20.Rxd5 Qb7 21.Rd1 Rad8 22.Qc4 Na4
23.Qxa4 Rxd5 24.Qxe8+ Kh7 25.Qxf7  1-0

[Event "Hampstead Rated3"]
[Site "Hampstead"]
[Date "1998.08.17"]
[Round "3"]
[White "Costello, Colin"]
[Black "Chakraborty, Kumardip"]
[Result "1/2-1/2"]
[WhiteElo "2080"]
[BlackElo "1904"]

1.c4 e5 2.g3 Nf6 3.Bg2 d5 4.cxd5 Nxd5 5.Nc3 Nb6 6.Nf3 Nc6 7.O-O Be7 8.a3 O-O
9.b4 a6 10.d3 Bg4 11.Bb2 f5 12.Rc1 Bf6 13.Na4 Nxa4 14.Qxa4 Rb8 15.Rxc6 bxc6
16.Qxa6 e4 17.Bxf6 Rxf6 18.dxe4 fxe4 19.Ne5 Bc8 20.Qc4+ Qd5 21.Qxe4 Qxe4
22.Bxe4 Bh3 23.Rd1 g5 24.Nxc6 Rbf8 25.f3 Re8 26.Rd8 Rxd8 27.Nxd8 Ra6 28.g4 Rxa3
29.Ne6 Ra4 30.Nxg5 Bxg4 31.Nxh7 Be6 32.Nf6+ Kf7 33.Nd5 c6 34.Nf4 Ra6 35.Kf2 Rb6
36.Nd3 Kf6 37.h4 Bc4 38.Kg3 Bxd3 39.exd3 Rxb4 40.Bxc6 Rb1 41.f4 Rg1+ 42.Bg2 Rd1
43.Be4 Rg1+ 44.Kh3 Rf1 45.Kg4 Rg1+ 46.Kh5 Rf1 47.Kg4 Rg1+ 48.Kh3 Rf1 49.f5 Rg1
50.h5 Kg5 51.Kh2 Re1 52.Kg3 Re3+ 53.Kf2 Rh3 54.Bf3 Kxf5 55.Kg2 Rh4 56.Kg3 Rd4  1/2-1/2

[Event "FRA-ch"]
[Site "Meribel"]
[Date "1998.08.24"]
[Round "11"]
[White "Bauer, Christian"]
[Black "Miralles, Gilles"]
[Result "1/2-1/2"]
[WhiteElo "2490"]
[BlackElo "2515"]

1.c4 e5 2.g3 Nf6 3.Bg2 d5 4.cxd5 Nxd5 5.Nf3 Nc6 6.O-O Be7 7.Nc3 Nb6 8.b4 Bxb4
9.Qb3 a5 10.a3 a4 11.Qb2 Be7 12.d3 O-O 13.Be3 Ra5 14.Rfb1 Bc5 15.Bd2 Ra8
16.Ne4 Bd4 17.Nxd4 Nxd4 18.Bc3 Nb3 19.Bxe5 f6 20.Bc3 Nxa1 21.Qxa1 Rf7 22.Qa2 Qe7
23.Bb4 Be6 24.Qd2 Qe8 25.Nc5 Bd5 26.e4 Bc6 27.d4 Nd7 28.d5 Nxc5 29.Bxc5 Bb5
30.f4 b6 31.Bd4 Rd8 32.Bc3 Bc4 33.Qd4 Bb3 34.e5 fxe5 35.fxe5 Qe7 36.e6 Rf5
37.Bb4 Qxe6 38.dxe6 Rxd4 39.Re1 Rd1 40.Rxd1 Bxd1 41.e7 Kf7 42.Bc6 Re5 43.e8=R Rxe8
44.Bxe8+ Kxe8 45.Kf2 Kd7 46.Ke3 Bg4 47.Bf8 g6 48.h4 Ke6 49.Kd4 Be2 50.Bh6 c5+
51.Kc3 Kd5 52.Bf4 Ba6 53.Bg5 b5 54.Be7 b4+ 55.axb4 c4 56.b5 Bxb5 57.Kb4 Ke6
58.Bf8 Kf5 59.Kxb5 c3 60.Kxa4 c2 61.Bh6 Kg4 62.Bf4 c1=Q 63.Bxc1 Kxg3 64.Bg5 h6  1/2-1/2

[Event "FRA-ch"]
[Site "Meribel"]
[Date "1998.08.25"]
[Round "12"]
[White "Guigonis, Dominique"]
[Black "Miralles, Gilles"]
[Result "1/2-1/2"]
[WhiteElo "2315"]
[BlackElo "2515"]

1.c4 e5 2.g3 Nf6 3.Bg2 d5 4.cxd5 Nxd5 5.Nf3 Nc6 6.d3 Be7 7.O-O O-O 8.Nbd2 Be6
9.a3 f5 10.Qc2 a5 11.Nb3 Qd6 12.Bg5 Kh8 13.Bxe7 Ndxe7 14.Nc5 Bc8 15.Rac1 h6
16.Rfd1 Qf6 17.d4 e4 18.Ne5 Nxd4 19.Ned7 Bxd7 20.Nxd7 Nxc2 21.Nxf6 Rxf6 22.Rxc2 Nc6
23.Rd7 Rd6 24.Rxc7 Nd4 25.Rc8+ Rxc8 26.Rxc8+ Kh7 27.Kf1 Rb6 28.Rc4 Rxb2 29.Bxe4 fxe4
30.Rxd4 Rb1+ 31.Kg2 Rb3 32.Ra4 b6 33.h4 Kg8 34.Kf1 Kf7 35.Ke1 e3 36.fxe3 Rxe3
37.g4 Ke7 38.Kd2 Rb3 39.Re4+ Kd6 40.a4 Kc5 41.Re7 Rb4 42.Rxg7 Rxa4 43.h5 Rb4
44.g5 hxg5 45.Rxg5+ Kc6 46.Rg6+ Kb5 47.h6 Rh4 48.e4 Kc5 49.e5 Kd5 50.Rxb6  1/2-1/2

[Event "Taufkirchen"]
[Site "Taufkirchen"]
[Date "1998.08.30"]
[Round "5"]
[White "Hackbarth, Wolfgang"]
[Black "Baumgartner, Heinz"]
[Result "1/2-1/2"]
[WhiteElo "2084"]
[BlackElo "2323"]

1.c4 e5 2.g3 c5 3.Bg2 g6 4.e3 Nc6 5.Ne2 Bg7 6.O-O Nge7 7.Nbc3 O-O 8.b3 d6
9.Bb2 Rb8 10.Nd5 Be6 11.d4 exd4 12.Nxe7+ Qxe7 13.exd4 Bg4 14.Bxc6 bxc6 15.f3 Rfe8
16.Nf4 Bd7 17.Rf2 Qg5 18.Qd2 Rbd8 19.Rd1 h5 20.d5 Be5 21.Bxe5 Rxe5 22.dxc6 Bxc6
23.Nd5 Qxd2 24.Rfxd2 Bxd5 25.Rxd5 Rxd5 26.Rxd5 Kf8 27.Kf2 Ke7 28.Rd2 a5 29.Ke3 a4
30.Kf4 f6 31.g4 h4 32.Ke4 axb3 33.axb3 Kd7 34.Kd3 Ra8 35.Rf2 Ra1 36.Re2 Rd1+
37.Ke4 h3 38.f4 Rg1 39.Kf3 f5 40.gxf5 gxf5 41.Rb2 Kc6 42.Rd2 Rg6 43.Rd5 Rg2
44.Rxf5 Rxh2 45.Rh5 Rb2 46.Rxh3 Rxb3+ 47.Kg2 Rb2+ 48.Kf3 Rc2 49.Rh7 Rxc4
50.f5 d5 51.f6 Kd6 52.Rh5 Rc1 53.Ke2 Ra1 54.f7 Ra8 55.Kd3 Ke6 56.Rg5 Rf8
57.Rg6+ Kf5 58.Rc6 Rxf7 59.Rxc5 Ke5 60.Ra5 Rf3+ 61.Ke2 Rh3 62.Kd2 Ke4 63.Ra8 Rh2+
64.Kd1 d4 65.Ra3 Rb2 66.Rh3 Kd5 67.Rg3 Kc4 68.Rh3 Ra2 69.Rg3 Ra4 70.Rh3 Rb4
71.Kc2  1/2-1/2

[Event "CRO-chT"]
[Site "Porec"]
[Date "1998.09.12"]
[Round "6"]
[White "Ruck, Robert"]
[Black "Rogic, Davor"]
[Result "1/2-1/2"]
[WhiteElo "2485"]
[BlackElo "2460"]

1.c4 e5 2.g3 Nf6 3.Bg2 d5 4.cxd5 Nxd5 5.Nf3 Nc6 6.O-O Be7 7.d4 exd4 8.Nxd4 Nxd4
9.Qxd4 Nb4 10.Qe4 c6 11.Nc3 Be6 12.Be3 O-O 13.Rfd1 Qc7 14.Rac1 Rfd8 15.a3 Rxd1+
16.Rxd1 Nd5 17.Nxd5 Bxd5 18.Qa4 Bxg2 19.Kxg2 Bf6 20.Bd4 b5 21.Qc2 Rd8 22.Bxf6 Rxd1
23.Qxd1 gxf6 24.Qd4 Qe7 25.Qg4+ Kf8 26.b4 Qd6 27.Qf5 Kg7 28.Kf3 a5 29.Qg4+ Kf8
30.Qc8+ Kg7 31.Qg4+ Kf8 32.Qc8+ Kg7 33.Qg4+  1/2-1/2

[Event "Itau Mercosul Cup 2nd"]
[Site "Sao Paulo"]
[Date "1998.09.13"]
[Round "6"]
[White "Martinez, Carlos Alejandro"]
[Black "Braga, Cicero"]
[Result "1/2-1/2"]
[WhiteElo "2425"]
[BlackElo "2420"]

1.g3 e5 2.c4 d6 3.Bg2 g6 4.d4 Nd7 5.Nf3 Bg7 6.Nc3 Ngf6 7.O-O O-O 8.b3 Re8
9.Bb2 e4 10.Ng5 e3 11.fxe3 Bh6 12.Nce4 Nxe4 13.Nxe4 Bxe3+ 14.Kh1 f5 15.Nf2 Nf6
16.d5 Qe7 17.Nd3 Ne4 18.Rf3 Ng5 19.Rf1 Ne4 20.Rf3 Ng5 21.Rf1 Ne4  1/2-1/2

[Event "CRO-chT"]
[Site "Porec"]
[Date "1998.09.15"]
[Round "9"]
[White "Ljubicic, Filip"]
[Black "Ascic, Pero"]
[Result "0-1"]
[WhiteElo "2410"]
[BlackElo "2350"]

1.c4 e5 2.g3 Nf6 3.Bg2 d5 4.cxd5 Nxd5 5.Nc3 Nb6 6.Nf3 Nc6 7.O-O Be6 8.b3 f6
9.Bb2 Qd7 10.Rc1 O-O-O 11.Ne4 Bh3 12.d3 h5 13.Nc5 Bxc5 14.Rxc5 h4 15.Qc1 hxg3
16.fxg3 Bxg2 17.Kxg2 Nd5 18.Rc4 g5 19.Rf2 Qh3+ 20.Kg1 Qe6 21.a3 Rd7 22.b4 Kb8
23.Ne1 Nb6 24.Rc5 Na4 25.Rc4 Nxb2 26.Qxb2 f5 27.b5 Ne7 28.Nf3 Ng6 29.Nxg5 Qb6
30.Nf3 Re7 31.Qb4 f4 32.Qc5 Qf6 33.Ra4 b6 34.Qc6 Qg7 35.Rg2 e4 36.Rxe4 Qa1+
37.Kf2 fxg3+ 38.hxg3 Ne5 39.Rg1 Qb2 40.Qc1 Nxd3+  0-1

[Event "Elista ol (Men)"]
[Site "Elista"]
[Date "1998.10.02"]
[Round "4"]
[White "Zueger, Beat"]
[Black "Esplana, Christian"]
[Result "1-0"]
[WhiteElo "2425"]
[BlackElo "2200"]

1.c4 e5 2.g3 Nc6 3.Bg2 g6 4.Nc3 Bg7 5.e3 d6 6.Nge2 f5 7.d3 Nf6 8.Rb1 a5 9.a3 Be6
10.Nd5 O-O 11.O-O Kh8 12.b4 axb4 13.axb4 Rb8 14.b5 Ne7 15.e4 Qd7 16.Bg5 Nfg8
17.Qd2 Rf7 18.Nec3 Rbf8 19.Nxe7 Nxe7 20.Bxe7 Qxe7 21.exf5 Rxf5 22.Bxb7 Rh5
23.Bg2 Qd7 24.Ne4 Bh6 25.Qe2 Bh3 26.Bxh3 Qxh3 27.f3 Be3+ 28.Kh1 Bd4 29.g4 Rh6
30.Ng5 Qh4 31.Ne6 Rf7 32.Ra1  1-0